Deliberación pública y desarrollo económico. Diez experiencias de toma de decisión comunitaria en América Latina /
Salvato in:
| Autore principale: | |
|---|---|
| Altri autori: | |
| Natura: | testo |
| Pubblicazione: |
Bogotá:
Nueva Editorial
|
| Soggetti: | |
| Tags: |
Aggiungi Tag
Nessun Tag, puoi essere il primo ad aggiungerne!!
|
MARC
| LEADER | 00000 a a2200000 04500 | ||
|---|---|---|---|
| 001 | 31372 | ||
| 003 | |||
| 040 | |||
| 020 | |a 958-682-489-6 | ||
| 090 | |a 198000 | ||
| 100 | |a Murillo, Gabriel | ||
| 245 | |a Deliberación pública y desarrollo económico. Diez experiencias de toma de decisión comunitaria en América Latina / |c Gabriel Murillo | ||
| 260 | |a Bogotá: |b Nueva Editorial | ||
| 300 | |a 228 p. |b gráficas | ||
| 650 | |a PARTICIPACION SOCIAL | ||
| 650 | |a DESARROLLO SOCIAL | ||
| 650 | |a DESCENTRALIZACION | ||
| 650 | |a SOCIEDAD CIVIL | ||
| 650 | |a PLANIFICACION DEL DESARROLLO | ||
| 650 | |a INFORMES SOBRE PROYECTOS | ||
| 650 | |a RECURSOS FINANCIEROS | ||
| 700 | |a comp. |a Pizano, Lariza |a comp. |a Casas, Carolina |a comp. | ||
| 999 | |c 3824 |d 3824 | ||



